Choose the right punchline to these terrible jokes Quiz Stats

 Plays Quiz not verified by Sporcle

Challenge
Share
Tweet
Embed
Score 0/20 Timer 05:00
0 Plays Today
% Correct
Because I herded it through the grapevine!
95.3%
But I got over it.
94.4%
The other half.
94.4%
Do they barium?
93.2%
A stick.
91.8%
They had reservations.
91.3%
Those who can't count.
91.3%
The film said 18 or over.
90.6%
You get repossessed.
89.6%
But then I lost interest.
89.6%
% Correct
Dam.
89.2%
But it went off before I could eat it.
88.2%
She has fillings too.
88.2%
Then it grew on me.
86.1%
I've mist you!
85.6%
Where I delivered the quinoa-oat address.
83.8%
It was a lovely service.
83.1%
Details are sketchy.
82.8%
It was a play on words.
82.4%
I felt like a right idiot waiting in the bar wearing a diaper.
77.2%

You're not logged in!

Compare scores with friends on all Sporcle quizzes.
OR
Log In

You Might Also Like...

Show Comments

Extras

Top Quizzes Today


Score Distribution

Your Account Isn't Verified!

In order to create a playlist on Sporcle, you need to verify the email address you used during registration. Go to your Sporcle Settings to finish the process.

Report this User

Report this user for behavior that violates our Community Guidelines.

Details: